[Event "Hoogovens-B"]
[Site "Wijk aan Zee"]
[Date "1992.??.??"]
[Round "9"]
[White "Wolff, Patrick G"]
[Black "Bronstein, David I"]
[Result "1-0"]
[WhiteElo "2570"]
[BlackElo "2465"]

1.e4 c5 2.Nf3 Nc6 3.d4 cxd4 4.Nxd4 Nf6 5.Nc3 e5 6.Ndb5 d6 7.Bg5 a6 8.Na3 b5
9.Bxf6 gxf6 10.Nd5 f5 11.Bd3 Be6 12.O-O Bg7 13.Qh5 f4 14.c4 bxc4 15.Bxc4 O-O
16.Rac1 Rb8 17.b3 Bxd5 18.Bxd5 Nb4 19.Rfd1 Nxa2 20.Rc6 Qe7 21.Nc4 Nb4 22.Rxd6 Nxd5
23.R6xd5 Rxb3 24.Nd6 h6 25.h4 Rfb8 26.Nf5 Qf8 27.Qg4 Rb1 28.Nxh6+ Kh7 29.Nf5 Bf6
30.Rxb1 Rxb1+ 31.Kh2 Rb7 32.Rd6 Bg7 33.Rd8  1-0

[Event "Bruchkoebel MVT"]
[Site "Bruchkoebel"]
[Date "1993.??.??"]
[Round "7"]
[White "Zunker, Reinhard"]
[Black "Wolff, Patrick G"]
[Result "1-0"]
[WhiteElo "2295"]
[BlackElo "2580"]

1.e4 c6 2.Nc3 d5 3.d4 dxe4 4.Nxe4 Nf6 5.Nxf6+ gxf6 6.Bc4 Bf5 7.c3 Qc7 8.Ne2 e6
9.Ng3 Bg6 10.Qf3 Nd7 11.Nh5 Bxh5 12.Qxh5 Nb6 13.Bb3 O-O-O 14.Qf3 Rg8 15.g3 Nd5
16.Bxd5 Rxd5 17.Qxf6 Rf5 18.Qh4 h5 19.Qe4 Bd6 20.Be3 Qa5 21.a4 Rg4 22.Qc2 Rf3
23.O-O-O c5 24.h3 Rg7 25.dxc5 Bxc5 26.Bxc5 Qxc5 27.Rd2 Qg5 28.h4 Qh6 29.Kb1 Qg6
30.Rhd1 Qxc2+ 31.Kxc2 f6 32.Re1 e5 33.Re4 Kc7 34.Kd1 Rg4 35.Rxg4 hxg4 36.Ke2 Rf5
37.Ke3 Rh5 38.Ke4 a6 39.b3 b6 40.Rd3 b5 41.a5 Kc6 42.Rd8 Kc5 43.Rf8 b4 44.c4 Rh6
45.Rc8+ Kd6 46.Kf5 e4 47.Kxe4 Rh5 48.Rd8+ Kc6 49.Rd5 Rh7 50.Kf4 Re7 51.Kxg4 Re2
52.Rf5 Rb2 53.Rxf6+ Kb7 54.Rb6+  1-0

[Event "Groningen PCA"]
[Site "Groningen"]
[Date "1993.??.??"]
[Round "4"]
[White "Wolff, Patrick G"]
[Black "Nijboer, Friso"]
[Result "1-0"]
[WhiteElo "2585"]
[BlackElo "2555"]

1.e4 d6 2.d4 Nf6 3.Nc3 g6 4.Be3 Bg7 5.Qd2 c6 6.Bd3 Ng4 7.O-O-O Nxe3 8.fxe3 b5
9.Kb1 O-O 10.Nce2 Nd7 11.Nf3 Rb8 12.g4 c5 13.Ng3 c4 14.Bf1 Nb6 15.g5 Na4
16.c3 a5 17.Qc2 Bd7 18.Nd2 Qc7 19.Ka1 e5 20.Be2 Nb6 21.Nf3 b4 22.Qd2 Be6
23.d5 Bd7 24.h4 Na4 25.Rb1 Qc5 26.Rhc1 Bg4 27.cxb4 Rxb4 28.Ne1 Bxe2 29.Nxe2 f6
30.b3 Nb6 31.Nd3 Qb5 32.Nxb4 axb4 33.bxc4 Qc5 34.gxf6 Bxf6 35.Qxb4 Qxe3 36.Nc3 Nc8
37.Rh1 Bd8 38.Rbe1 Qa7 39.Nb5 Qa6 40.Ref1 Rf4 41.h5 g5 42.c5 Be7 43.Qc4 Na7
44.cxd6 Qxb5 45.dxe7 Kf7 46.Rxf4+  1-0

[Event "Groningen PCA"]
[Site "Groningen"]
[Date "1993.??.??"]
[Round "9"]
[White "Azmaiparashvili, Zurab"]
[Black "Wolff, Patrick G"]
[Result "1-0"]
[WhiteElo "2630"]
[BlackElo "2585"]

1.c4 c5 2.g3 Nc6 3.Bg2 g6 4.Nc3 Bg7 5.Rb1 b6 6.e3 Bb7 7.Nge2 Qc8 8.d3 h5
9.O-O h4 10.b3 d6 11.Bb2 Ne5 12.e4 hxg3 13.hxg3 Nf6 14.d4 cxd4 15.Nxd4 Qd7
16.Nd5 O-O-O 17.Qe2 Kb8 18.Rfd1 Ne8 19.b4 e6 20.Ne3 Qe7 21.c5 dxc5 22.bxc5 Qxc5
23.Rbc1 Qe7 24.f4 Nd7 25.e5 Nc5 26.Ba3 Rc8 27.Nb3 Bxg2 28.Nxc5 Bb7 29.Nd7+ Qxd7
30.Rxd7 Rh1+ 31.Kf2  1-0

[Event "Groningen PCA"]
[Site "Groningen"]
[Date "1993.??.??"]
[Round "10"]
[White "Wolff, Patrick G"]
[Black "Lutz, Christopher"]
[Result "1/2-1/2"]
[WhiteElo "2585"]
[BlackElo "2605"]

1.e4 c6 2.d4 d5 3.exd5 cxd5 4.c4 Nf6 5.Nc3 e6 6.Nf3 Bb4 7.cxd5 Nxd5 8.Qc2 Nc6
9.Be2 O-O 10.O-O Re8 11.Rd1 Bf8 12.Bd3 g6 13.Be4 Nxc3 14.bxc3 Bd7 15.Bf4 Rc8
16.Qd2 b6 17.d5 exd5 18.Bxd5 Be6 19.c4 Bg7 20.Rac1 Qe7 21.Re1 Qb4 22.Bxe6 fxe6
23.Qd7 Qe7 24.Qxe7 Rxe7 25.c5 Nd4 26.Nxd4 Bxd4 27.cxb6 Rxc1 28.Bxc1  1/2-1/2

[Event "Las Vegas op"]
[Site "Las Vegas"]
[Date "1993.??.??"]
[Round "3"]
[White "Booth, Stephen A"]
[Black "Wolff, Patrick G"]
[Result "1/2-1/2"]
[WhiteElo "2275"]
[BlackElo "2580"]

1.d4 d5 2.Nf3 c6 3.e3 Nf6 4.Be2 e6 5.O-O Nbd7 6.b3 Bd6 7.Bb2 O-O 8.Nbd2 b6
9.Ne5 Bb7 10.f4 c5 11.Qe1 Rc8 12.c4 dxc4 13.Ndxc4 Be7 14.Rd1 Qc7 15.Bd3 Rcd8
16.Qg3 cxd4 17.exd4 b5 18.Ne3 Qb6 19.Kh1 Nxe5 20.fxe5 Ne4 21.Qg4 f5 22.exf6 Nxf6
23.Qh3 g6 24.Rfe1  1/2-1/2

[Event "Las Vegas op"]
[Site "Las Vegas"]
[Date "1993.??.??"]
[Round "5"]
[White "Remlinger, Larry"]
[Black "Wolff, Patrick G"]
[Result "1/2-1/2"]
[WhiteElo "2340"]
[BlackElo "2580"]

1.d4 d5 2.c4 dxc4 3.Nc3 a6 4.e3 Nf6 5.a4 e6 6.Bxc4 c5 7.Nf3 Nc6 8.O-O Qc7
9.Qe2 Be7 10.dxc5 Bxc5 11.Bd2 O-O 12.Rac1 Bd7 13.Bd3 Be7 14.h3 h6 15.e4 Bd6
16.Rfe1 e5 17.Nd5 Qd8 18.Bc3 Re8 19.Qd2 Rc8 20.b3 Bb8 21.Bc4 Be6 22.Rcd1 Nd7
23.a5 Ba7 24.Qa2 Bc5 25.Rd2 Bxd5 26.Rxd5 Qe7 27.Red1 Rc7 28.Nh4 Qxh4 29.Rxd7 Rxd7
30.Rxd7 Re7 31.Rxe7 Qxe7 32.Bd5 Bd4 33.Qd2 Qc5 34.Bxd4 exd4 35.Qf4 Qe7 36.e5 d3
37.Bxc6 bxc6 38.Qd4 Qc7 39.b4 c5 40.bxc5 Qxa5 41.Qxd3 Qxc5 42.Qxa6 Qxe5  1/2-1/2

[Event "World op"]
[Site "Philadelphia"]
[Date "1993.??.??"]
[Round "?"]
[White "Arnason, Jon L"]
[Black "Wolff, Patrick G"]
[Result "1/2-1/2"]
[WhiteElo "2530"]
[BlackElo "2585"]

1.e4 c5 2.Nf3 d6 3.d4 cxd4 4.Nxd4 Nf6 5.Nc3 a6 6.Bc4 e6 7.O-O Nc6 8.Kh1 Be7
9.Bb3 O-O 10.f4 Nxd4 11.Qxd4 b5 12.Bd2 Qc7 13.Rae1 e5 14.Qd3 exf4 15.Bxf4 Be6
16.e5 dxe5 17.Bxe5 Qb6 18.Bd4 Qd6 19.Bxe6 fxe6 20.Ne4 Nxe4 21.Qxe4 Rxf1+
22.Rxf1 Rf8 23.Rxf8+  1/2-1/2

[Event "World op"]
[Site "Philadelphia"]
[Date "1993.??.??"]
[Round "?"]
[White "Wolff, Patrick G"]
[Black "Olafsson, Helgi"]
[Result "1/2-1/2"]
[WhiteElo "2585"]
[BlackElo "2270"]

1.e4 c5 2.Nf3 d6 3.d4 cxd4 4.Nxd4 Nf6 5.Nc3 a6 6.Be3 e6 7.f3 b5 8.g4 Bb7
9.Qd2 h6 10.O-O-O Nbd7 11.h4 b4 12.Nce2 d5 13.Ng3 Qa5 14.Kb1 dxe4 15.Nxe4 Nd5
16.Bf2 Be7 17.Be2 g6 18.Rhe1 Qc7 19.Bg3 Qb6 20.Bc4 O-O-O 21.c3 N7f6 22.Qc2 Nc7
23.Nxf6 Bxf6 24.Bf2 bxc3 25.Nb5 Qa5 26.Nd6+ Rxd6 27.Rxd6 Qb4 28.Bd4 Nb5 29.Bxb5 Bxd4
30.Rxd4 Qxd4 31.Be2 Kb8 32.Qxc3 Qxc3 33.bxc3 Rc8 34.Kc2 Rc5 35.f4 Kc7 36.Bd3 Bd5
37.a3 Bc4 38.Re5 Kd6 39.g5 hxg5 40.Rxc5 Kxc5 41.hxg5 e5 42.fxe5 Bxd3+ 43.Kxd3 Kd5
44.a4 a5 45.e6 Kxe6 46.Ke4 f5+ 47.gxf6 Kxf6 48.Kf4 Ke6 49.Kg5 Kd5 50.Kxg6 Kc4
51.Kf5 Kb3 52.Ke4 Kxa4 53.c4 Kb4 54.c5 Kxc5 55.Kd3  1/2-1/2

[Event "World op"]
[Site "Philadelphia"]
[Date "1993.??.??"]
[Round "?"]
[White "Wolff, Patrick G"]
[Black "Reichstein, Boris"]
[Result "1-0"]
[WhiteElo "2580"]
[BlackElo "2265"]

1.e4 c5 2.Nf3 Nc6 3.d4 cxd4 4.Nxd4 Nf6 5.Nc3 e5 6.Ndb5 d6 7.Bg5 a6 8.Na3 b5
9.Bxf6 gxf6 10.Nd5 Bg7 11.Bd3 Ne7 12.Nxe7 Qxe7 13.c3 f5 14.Nc2 d5 15.exd5 O-O
16.O-O Rd8 17.Nb4 Rd6 18.a4 e4 19.Re1 Be5 20.axb5 Bxh2+ 21.Kxh2 Qh4+ 22.Kg1 Rh6
23.Kf1 f4 24.Bxe4 Bg4 25.Bf3 Bd7 26.Nc6  1-0

[Event "World op"]
[Site "Philadelphia"]
[Date "1993.??.??"]
[Round "5"]
[White "Wolff, Patrick G"]
[Black "Zlotnikov, Mikhail"]
[Result "1-0"]
[WhiteElo "2585"]
[BlackElo "2395"]

1.e4 g6 2.d4 Bg7 3.Nc3 c6 4.Nf3 d6 5.Be2 Nf6 6.O-O O-O 7.a4 a5 8.h3 Na6 9.Be3 Nb4
10.Nd2 Nd7 11.f4 f5 12.Bc4+ d5 13.exd5 Nb6 14.dxc6+ Kh8 15.c7 Qxc7 16.Bb3 Bd7
17.Qe2 Bc6 18.Nf3 N4d5 19.Nxd5 Bxd5 20.Bxd5 Nxd5 21.c3 Nxf4 22.Bxf4 Qxf4
23.Rae1 Bf6 24.Ne5 Qh4 25.Nd7 Bxd4+ 26.Kh2 Rfd8 27.Qxe7 Qxe7 28.Rxe7 Bg7
29.g4 f4 30.Kg2 g5 31.h4 Ra6 32.hxg5 Rd6 33.Ne5 Rd2+ 34.Rf2 Bxe5 35.Rxe5 R8d3
36.Rxd2 Rxd2+ 37.Kf3 Rxb2 38.Rxa5 Ra2 39.Kxf4 Ra3 40.c4 b6 41.Ra7 Rc3 42.Rc7 Ra3
43.g6 h6 44.g5 h5 45.g7+ Kg8 46.Kf5 Rxa4 47.Kg6 Ra8 48.Kxh5 Re8  1-0

[Event "USA-ARM"]
[Site "Glendale"]
[Date "1994.??.??"]
[Round "1"]
[White "Minasian, Artashes"]
[Black "Wolff, Patrick G"]
[Result "0-1"]
[WhiteElo "2545"]
[BlackElo "2590"]

1.e4 c5 2.Nf3 d6 3.Nc3 a6 4.d4 cxd4 5.Nxd4 Nf6 6.Bc4 e6 7.Qe2 Be7 8.Bb3 O-O
9.f4 b5 10.a3 Bb7 11.O-O Nbd7 12.f5 e5 13.Nf3 Nc5 14.Bd5 Bxd5 15.exd5 Qc8
16.Be3 Na4 17.Nxa4 bxa4 18.c4 Qxf5 19.Rac1 Qe4 20.Nd2 Qg4 21.Rf3 Rab8 22.h3 Qg6
23.Nf1 Ne4 24.c5 dxc5 25.Rc4 Rfd8 26.Rxa4 Nf6 27.Rg3 Qh5 28.Qc2 Nxd5 29.Bxc5 Bxc5+
30.Qxc5 Qd1 31.Rxa6 Nf4 32.Rxg7+ Kxg7 33.Qxe5+ Kg8 34.Qxf4 Qd4+ 35.Qxd4 Rxd4
36.b4 Rdd8 37.Rf6 Ra8 38.Rf3 Rd1 39.Kh2 Ra1 40.Ng3 R8xa3 41.Rf4 Rb1 42.Nf5 Ra6
43.Rc4 h6 44.Rc8+ Kh7 45.Rc7 Rf6 46.Ne3 Kg7 47.Rc4 Rb3 48.Nd5 Rf5 49.Rd4 Rb2
50.Nf4 Kf6 51.Rc4 Rb3 52.Ne2 Re5 53.Nd4 Rb2 54.Nf3 Rf5 55.Ne1 Rd2 56.Nc2 Re5
57.Rf4+ Kg6 58.Nd4 Rb2 59.Nf3 Rb5 60.Rg4+ Kf6 61.Rh4 h5 62.Rc4 R5xb4 63.Rc6+ Kg7
64.Rc5 Rb5 65.Rc7 Rf5 66.Nh4 Rg5 67.Rc4 Rd5 68.Rf4 Rbb5 69.Rc4 Rb6 70.Rf4 Re6
71.Kg3 Ree5 72.Rb4 Rd6 73.Rf4 Rd3+ 74.Kh2 f6 75.Rb4 Rd6 76.Rb7+ Kh6 77.Rb4 Rde6
78.Rb3 Re4 79.Nf3 Re8 80.Rb6 Kg6 81.Rb5 h4 82.Rb7 Rc4 83.Rb6 Re2 84.Ra6 Rb4
85.Rc6 Rf4 86.Kg1 Ra2 87.Rc8 Ra5 88.Rg8+ Kh7 89.Rb8 Ra6 90.Kh2 f5 91.Rb7+ Kg6
92.Rb8 Ra5 93.Rb6+ Kh5 94.Rb8 Rxf3 95.gxf3 Kg5 96.Rh8 Ra2+ 97.Kg1 Kf4 98.Rh5 Rb2
99.Kf1 Rh2 100.Rxh4+ Kxf3  0-1

[Event "USA-ARM"]
[Site "Glendale"]
[Date "1994.??.??"]
[Round "2"]
[White "Wolff, Patrick G"]
[Black "Minasian, Artashes"]
[Result "0-1"]
[WhiteElo "2590"]
[BlackElo "2545"]

1.e4 g6 2.d4 Bg7 3.Nf3 c6 4.Nc3 d5 5.h3 Nh6 6.Bd3 O-O 7.O-O f6 8.Ne2 Na6
9.a3 Nf7 10.exd5 cxd5 11.c4 Nc7 12.Nf4 e6 13.Re1 Qd6 14.Bd2 Bd7 15.Rc1 Bc6
16.cxd5 exd5 17.Qc2 Ng5 18.Be2 Rfe8 19.Be3 Ne4 20.Nd3 Rac8 21.Qb3 Ne6 22.Nb4 f5
23.Rcd1 a5 24.Nxc6 bxc6 25.Qa4 Rb8 26.Bc1 Bf6 27.h4 Bd8 28.Bf1 Bc7 29.Qc2 Rb7
30.g3 Reb8 31.Bg2 h5 32.Re3 Kh7 33.Red3 Rf8 34.Ne5 Rb6 35.f4 Rfb8 36.Kh2 Bd8
37.Bf3 R8b7 38.Qe2 Ng7 39.Re3 Bf6 40.Qe1 Bd8 41.Re2 Ne8 42.Rc2 N8f6 43.Rd3 Qe6
44.Kg2 Bc7 45.Re3 Qe8 46.Qxa5 Rxb2 47.Qa4 c5  0-1

[Event "Lloyds Bank op"]
[Site "London"]
[Date "1994.??.??"]
[Round "1"]
[White "Wolff, Patrick G"]
[Black "Gunawan, Ronny"]
[Result "1-0"]
[WhiteElo "2595"]
[BlackElo "2420"]

1.e4 c5 2.Nf3 e6 3.d4 cxd4 4.Nxd4 a6 5.Bd3 Qc7 6.O-O g6 7.f4 Bg7 8.c3 d6
9.f5 e5 10.Nc2 Nd7 11.c4 b6 12.Nc3 Bb7 13.Ne3 Ne7 14.Bd2 Bh6 15.Ned5 Nxd5
16.exd5 Bg7 17.Ne4 Nc5 18.Qf3 Nxe4 19.Bxe4 O-O 20.f6 Bh8 21.Rac1 b5 22.b3 Rfc8
23.h4 bxc4 24.bxc4 a5 25.h5 Rf8 26.Qg3 Qd8 27.Qg5 Bc8 28.Rc3 Ra7 29.Rg3 Ba6
30.hxg6 fxg6 31.f7+ Raxf7 32.Rxf7 Kxf7 33.Bxg6+ hxg6 34.Qxg6+  1-0

[Event "Lloyds Bank op"]
[Site "London"]
[Date "1994.??.??"]
[Round "4"]
[White "Cooper, Lawrence"]
[Black "Wolff, Patrick G"]
[Result "0-1"]
[WhiteElo "2320"]
[BlackElo "2595"]

1.Nf3 g6 2.e4 Bg7 3.d4 d6 4.Nc3 Nf6 5.Be3 O-O 6.Qd2 Bg4 7.Ng5 Nc6 8.h3 Bc8
9.O-O-O a6 10.Nd5 b5 11.Be2 Bb7 12.h4 Nb8 13.h5 Nxe4 14.Nxe4 Bxd5 15.Bf3 Bxe4
16.Bxe4 d5 17.Bf3 e6 18.hxg6 hxg6 19.Bh6 Bf6 20.Qf4 Nc6 21.Qh2 Re8 22.Bf4 Rc8
23.Kb1 Kf8 24.c3 Ke7 25.Qg3 Rg8 26.Rh7 Rg7 27.Rdh1 Rxh7 28.Rxh7 Qg8 29.Bxc7 Be5
30.Bxe5 Qxh7 31.Bd6+ Ke8 32.a4 g5+ 33.Ka1 Qf5 34.Bc5 Qf4 35.Qh3 bxa4 36.Bxd5 Qxf2
37.Qh8+ Kd7 38.Bxc6+ Rxc6 39.Qb8 Qf4 40.Qf8 Qf6 41.Ka2 e5 42.Qb8 Qe6+ 43.Ka1 exd4
44.cxd4 Rc7 45.Qa8 a3 46.bxa3 Qc6 47.Qf8 Qf6 48.Kb2 Rc8  0-1

[Event "Lloyds Bank op"]
[Site "London"]
[Date "1994.??.??"]
[Round "5"]
[White "Wolff, Patrick G"]
[Black "Murugan, Krishnamoorthy"]
[Result "1/2-1/2"]
[WhiteElo "2595"]
[BlackElo "2440"]

1.e4 c5 2.Nf3 Nc6 3.d4 cxd4 4.Nxd4 Nf6 5.Nc3 d6 6.Bg5 e6 7.Qd2 a6 8.O-O-O h6
9.Be3 Be7 10.f4 Bd7 11.h3 Nxd4 12.Bxd4 Bc6 13.Bd3 b5 14.Kb1 Qc7 15.Qe3 O-O
16.Ne2 e5 17.Bc3 Rfe8 18.Ng3 Bf8 19.Rhf1 Qa7 20.Qf3 Qb7 21.Rde1 b4 22.Bd2 d5
23.fxe5 Rxe5 24.exd5 Bxd5 25.Qf4 Rxe1+ 26.Rxe1 Re8 27.Rxe8 Nxe8 28.Ne4 Qc6
29.g4 Nd6 30.Nxd6 Bxd6 31.Qf5 Be6 32.Qe4  1/2-1/2

[Event "Lloyds Bank op"]
[Site "London"]
[Date "1994.??.??"]
[Round "6"]
[White "Turner, Matthew"]
[Black "Wolff, Patrick G"]
[Result "0-1"]
[WhiteElo "2395"]
[BlackElo "2595"]

1.e4 c5 2.Nc3 d6 3.g3 Nc6 4.Bg2 g6 5.d3 Bg7 6.f4 e6 7.Nf3 Nge7 8.O-O O-O
9.Be3 Nd4 10.e5 Bd7 11.Ne4 Nef5 12.Bf2 Nxf3+ 13.Bxf3 Bc6 14.exd6 b6 15.c3 Rc8
16.Qe2 Nxd6 17.Rfd1 Qe7 18.d4 c4 19.Ng5 Qb7 20.Bxc6 Qxc6 21.Qf3 Qd5 22.Kg2 f6
23.Nh3 Rce8 24.Rd2 h6 25.g4 f5 26.g5 hxg5 27.fxg5 Ne4 28.Rdd1 Qb5 29.Rab1 e5
30.dxe5 Bxe5 31.Bg3 Bxg3 32.hxg3 Rd8 33.Nf4 Nd2 34.Rxd2 Rxd2+ 35.Kh3 Qd7
36.Nxg6 f4+ 37.Qg4 Rh2+  0-1

[Event "Lloyds Bank op"]
[Site "London"]
[Date "1994.??.??"]
[Round "8"]
[White "Akesson, Ralf"]
[Black "Wolff, Patrick G"]
[Result "1-0"]
[WhiteElo "2460"]
[BlackElo "2595"]

1.Nf3 g6 2.c4 Bg7 3.Nc3 c5 4.g3 Nc6 5.Bg2 d6 6.O-O Bg4 7.b3 Qd7 8.Bb2 e5
9.Nd5 Nge7 10.Nxe7 Qxe7 11.d3 O-O 12.Ne1 Nd4 13.f3 Be6 14.e3 Nc6 15.f4 f5
16.Qd2 Rad8 17.Bxc6 bxc6 18.Nf3 Bc8 19.Rad1 Rfe8 20.Rfe1 h6 21.Bc3 g5 22.Qb2 Qf7
23.fxe5 Qh5 24.Rf1 g4 25.Nh4 dxe5 26.Qa3 Bf8 27.Qxa7 Bd6 28.Ng2 Qh3 29.Nf4 Rd7
30.Qxd7 Bxd7 31.Nxh3 gxh3 32.Rd2 Kh7 33.e4 f4 34.gxf4 exf4 35.e5 Be7 36.Rxf4 Be6
37.Rdf2 Bg5 38.Rf8 Re7 39.Bd2 Bh4 40.Re2 Rd7 41.Re4 Be7 42.Rf3 Ra7 43.a4 Rb7
44.Rf6  1-0

[Event "New York op"]
[Site "New York"]
[Date "1994.??.??"]
[Round "1"]
[White "Wolff, Patrick G"]
[Black "Alexopoulos, Georgios"]
[Result "1-0"]
[WhiteElo "2590"]
[BlackElo "2260"]

1.e4 e6 2.d4 d5 3.exd5 exd5 4.c4 Nf6 5.Nc3 Bb4 6.Bd3 O-O 7.Ne2 c5 8.O-O cxd4
9.Nxd4 dxc4 10.Bxc4 Bg4 11.Qa4 Qa5 12.Qxa5 Bxa5 13.Nd5 Nbd7 14.Be3 Rfd8 15.h3 Bh5
16.Nf5 Bg6 17.Nxf6+ Nxf6 18.Ne7+ Kh8 19.Nxg6+ fxg6 20.Rfd1 Bb6 21.Bxb6 axb6
22.Be2 Kg8 23.a3 Rxd1+ 24.Rxd1 Rc8 25.Rd2 Kf8 26.Bf3 Rc1+ 27.Kh2 Rc7 28.h4 h6
29.Rd6 Nd7 30.Kg3 g5 31.hxg5 hxg5 32.Bg4 Nc5 33.Rxb6 Ne4+ 34.Kf3 Nd2+ 35.Ke2 Nc4
36.Rb4 Re7+ 37.Kd1 Ne5 38.Bf5 Kf7 39.Bc8  1-0

[Event "New York op"]
[Site "New York"]
[Date "1994.??.??"]
[Round "2"]
[White "Winslow, Elliott C"]
[Black "Wolff, Patrick G"]
[Result "0-1"]
[WhiteElo "2320"]
[BlackElo "2590"]

1.e4 c5 2.Nf3 d6 3.d4 cxd4 4.Nxd4 Nf6 5.Nc3 Nc6 6.f3 e5 7.Nb3 Be7 8.Be3 O-O
9.Qd2 Be6 10.Nd5 Bxd5 11.exd5 Nb8 12.a4 a5 13.Be2 Nbd7 14.O-O Qc7 15.c4 Nc5
16.Nc1 Nfd7 17.Qc2 Qd8 18.Na2 Bg5 19.Bf2 f5 20.Kh1 Qf6 21.Nc3 Na6 22.Nb5 Ndc5
23.Qc3 Qd8 24.b3 Qd7 25.Rae1 b6 26.Bd3 Rae8 27.Bb1 Rf6 28.g3 Rff8 29.Kg2 f4
30.Be4 fxg3 31.hxg3 Rf6 32.Qc2 g6 33.Nc3 Ref8 34.Be3 Bxe3 35.Rxe3 Nc7 36.Qd1 Ne8
37.Bc2 Ng7 38.Ne4 Nxe4 39.Bxe4 Nh5 40.Rh1 Qc7 41.Qd2 Qc5 42.b4 axb4 43.Rb3 Qxc4
44.Rxb4 Qa6 45.Rc1 Ng7 46.Rc6 Rb8 47.Qf2 Nf5 48.Bxf5 gxf5 49.Qf1 Qa7 50.Qb5 Qg7
51.Rxb6 Rbf8 52.Rb7 Qg5 53.Qd7 Qd2+ 54.Kf1 Qc1+ 55.Kg2 Qc2+ 56.Kf1 Qd3+ 57.Kf2 Qd2+
58.Kf1 R6f7 59.Qxd6 e4 60.Rxf7 Qd1+ 61.Kg2 exf3+ 62.Kh2 Qe2+ 63.Kh3 Rxf7
64.Qe6 Qg2+ 65.Kh4 Qh2+ 66.Kg5 Qxg3+ 67.Kh6 Qh2+ 68.Kg5 Qd2+ 69.Rf4 h6+ 70.Kg6 Qg2+
71.Kxh6 Qh2+ 72.Kg6 Qg3+ 73.Kh5 Qxf4  0-1

[Event "New York op"]
[Site "New York"]
[Date "1994.??.??"]
[Round "4"]
[White "Lein, Anatoly"]
[Black "Wolff, Patrick G"]
[Result "1/2-1/2"]
[WhiteElo "2480"]
[BlackElo "2590"]

1.c4 e5 2.Nc3 Nf6 3.Nf3 Nc6 4.e3 Bb4 5.Qc2 O-O 6.d3 Re8 7.Bd2 d5 8.cxd5 Nxd5
9.Be2 Bf8 10.a3 a5 11.O-O Bg4 12.Rac1 Nb6 13.Rfd1 a4 14.Be1 Be6 15.Nd2 Na5
16.Nc4 Naxc4 17.dxc4 Qc8 18.Nd5 Nd7 19.Bd3 g6 20.Nc3 Nc5 21.Ne4 Nxe4 22.Bxe4 c6
23.Bb4 Qc7 24.Bxf8 Kxf8 25.Qc3 Qa5 26.Bd3 Qc5 27.Kf1 Ra6 28.Qb4 Qxb4 29.axb4 a3
30.bxa3 Rxa3 31.Be2 Ke7 32.b5 Bd7 33.Ke1 f5 34.Bf3 e4 35.Be2 c5 36.h4 Be6
37.Ra1 Rea8 38.Rxa3 Rxa3 39.Rc1 Ra2 40.Kd1 Kd6 41.Rc2 Ra1+ 42.Rc1 Ra8 43.Kd2 Ke5
44.g3 h6 45.Kc3 g5 46.hxg5 hxg5 47.Rh1 Ra2 48.Re1 f4 49.gxf4+ gxf4 50.exf4+ Kxf4
51.Kb3 Ra5 52.Kb2 Ra8 53.Rh1 Rg8 54.Rh2 Rg1 55.Kc3 Bf5 56.Kd2 Ra1 57.Rh4+ Ke5
58.Rh8 Ra2+ 59.Ke3 Ra3+  1/2-1/2

[Event "New York op"]
[Site "New York"]
[Date "1994.??.??"]
[Round "5"]
[White "Wolff, Patrick G"]
[Black "Shaked, Tal"]
[Result "1-0"]
[WhiteElo "2590"]
[BlackElo "2370"]

1.e4 c5 2.Nf3 Nc6 3.d4 cxd4 4.Nxd4 Nf6 5.Nc3 e5 6.Ndb5 d6 7.Bg5 a6 8.Na3 b5
9.Nd5 Be7 10.Nxe7 Nxe7 11.Bd3 Bb7 12.Qe2 O-O 13.Rd1 Ng6 14.O-O h6 15.Bc1 Re8
16.c4 bxc4 17.Nxc4 Nf4 18.Bxf4 exf4 19.Qf3 Bxe4 20.Bxe4 Nxe4 21.Qxf4 d5 22.Ne3 Nf6
23.Nf5 Re4 24.Qg3 Rg4 25.Qf3 Ra7 26.h3 Rg6 27.Rfe1 Rd7 28.Qa3 Ne4 29.Rxe4 dxe4
30.Rxd7 Qxd7 31.Ne7+ Kh7 32.Nxg6 Qd1+ 33.Kh2 fxg6 34.Qxa6 Qd2 35.Qb6 h5 36.h4 Qd5
37.a4 g5 38.Qb5 Qd6+ 39.g3 Qf6 40.Qe2 gxh4 41.Qxh5+ Kg8 42.Qe8+ Kh7 43.Qxe4+  1-0

[Event "PCA-op"]
[Site "New York"]
[Date "1994.??.??"]
[Round "6"]
[White "Gurevich, Ilya"]
[Black "Wolff, Patrick G"]
[Result "0-1"]
[WhiteElo "2570"]
[BlackElo "2595"]

1.e4 c5 2.Nf3 d6 3.d4 cxd4 4.Nxd4 Nf6 5.Nc3 a6 6.Be2 e5 7.Nb3 Be7 8.O-O O-O
9.Kh1 Nbd7 10.g4 h6 11.g5 hxg5 12.Bxg5 Re8 13.Rg1 Nf8 14.Qd2 Be6 15.Bf3 Rc8
16.h4 N6h7 17.Bh6 Bf6 18.h5 Kh8 19.Be3 Qd7 20.Rad1 Bxb3 21.Rg3 Be6 22.Rdg1 g5
23.Rxg5 Nxg5 24.Bxg5 Qe7 25.Bh4 Nh7 26.Bg3 Bh4 27.Bh2 Rg8 28.Rd1 Rcd8 29.Nd5 Qg5
30.Qe2 Bg4 31.Rg1 Nf6 32.Ne7 Qxh5 33.Rxg4 Nxg4 34.Nf5 Bf6 35.Bxg4 Qxg4 36.f3 Qh3
37.Ne3 Bg5 38.Nd5 Rg6 39.f4 Bxf4 40.Nxf4 exf4  0-1

[Event "New York op"]
[Site "New York"]
[Date "1994.??.??"]
[Round "7"]
[White "Wolff, Patrick G"]
[Black "Fang, Joseph"]
[Result "1-0"]
[WhiteElo "2590"]
[BlackElo "2400"]

1.e4 e5 2.Nf3 Nc6 3.Bb5 a6 4.Ba4 Nf6 5.O-O Be7 6.Re1 b5 7.Bb3 O-O 8.a4 Rb8
9.axb5 axb5 10.c3 d5 11.exd5 Nxd5 12.Nxe5 Nxe5 13.Rxe5 Nf6 14.d4 Bd6 15.Re2 c5
16.Nd2 Qc7 17.Nf1 c4 18.Bc2 b4 19.Re1 Ng4 20.g3 f5 21.Nd2 Bb7 22.Nxc4 Nxf2
23.Kxf2 f4 24.g4 Qd8 25.Nxd6 Qh4+ 26.Ke2 f3+ 27.Kd3 f2 28.Be3 fxe1=N+ 29.Qxe1 Qxg4
30.Qg3 Qd7 31.Bb3+ Kh8 32.Nf7+ Rxf7 33.Qxb8+ Bc8 34.Bxf7 Qf5+ 35.Kd2  1-0

[Event "New York op"]
[Site "New York"]
[Date "1994.??.??"]
[Round "8"]
[White "Sherzer, Alex"]
[Black "Wolff, Patrick G"]
[Result "0-1"]
[WhiteElo "2465"]
[BlackElo "2590"]

1.e4 c5 2.Nf3 d6 3.d4 cxd4 4.Nxd4 Nf6 5.Nc3 a6 6.f4 e5 7.Nf3 Nbd7 8.a4 Be7
9.Bd3 O-O 10.O-O Nc5 11.Kh1 exf4 12.Bxf4 Bg4 13.Qe1 Rc8 14.Qg3 Bh5 15.Be3 Bg6
16.Bd4 Re8 17.Rae1 Qd7 18.b3 Bd8 19.Nh4 Nh5 20.Qf2 Nxd3 21.cxd3 Nf6 22.h3 Qe6
23.Bxf6 Qxf6 24.Qxf6 Bxf6 25.Rxf6 gxf6 26.Nd5 Kg7 27.Rf1 Rc2 28.a5 Rec8 29.Kh2 R8c5
30.Nxf6 Rxa5 31.Ne8+ Kf8 32.Nxd6 Ke7 33.Nc4 Raa2 34.Ne3 Rf2 35.Rc1 Kd7 36.Kg3 Rfb2
37.Nf3 Rxb3 38.Kf4 f6 39.Nd5 Rxd3 40.Rc7+ Kd6 41.Rxb7 Bxe4 42.Kxe4 Rxd5 43.Rb6+ Kc5
44.Rxf6 Re2+ 45.Kf4 Rd6 46.Rf7 h6 47.g4 a5 48.h4 a4 49.g5 a3 50.Ra7 a2 51.gxh6 Rxh6  0-1

[Event "USA-ch"]
[Site "Modesto"]
[Date "1995.??.??"]
[Round "1"]
[White "Wolff, Patrick G"]
[Black "Browne, Walter S"]
[Result "1-0"]
[WhiteElo "2565"]
[BlackElo "2560"]

1.e4 c5 2.Nc3 d6 3.f4 g6 4.Nf3 Bg7 5.Bc4 Nc6 6.d3 e6 7.O-O Nge7 8.Qe1 O-O
9.f5 d5 10.Bb3 c4 11.dxc4 dxe4 12.f6 Bxf6 13.Nxe4 Bg7 14.Bg5 f6 15.Rd1 Qc7
16.Be3 b6 17.Nd6 Na5 18.Nb5 Qb8 19.Bd2 Nxb3 20.axb3 a6 21.Bb4 axb5 22.Bxe7 Re8
23.Qh4 f5 24.Bd6 Qb7 25.Ne5 bxc4 26.bxc4 Ra2 27.Rf3 Rxb2 28.Rh3 Bxe5 29.Bxe5 Rxc2
30.Rg3 Qf7 31.Rd4 Re2 32.Qf4 Bb7 33.Kf1 Re4 34.Rxe4 fxe4 35.Qxf7+ Kxf7 36.Ra3 Re7
37.Ke2 g5 38.Ke3 Rd7 39.Rb3 Ba6 40.Rxb6 Bxc4 41.Rc6 Bf1 42.Rc2 Kg6 43.Rf2 Rd5
44.Bb2 Bd3 45.g4 Rb5 46.Ba1 Ra5 47.Bb2 Rb5 48.Ba1 e5 49.Rf5 h5 50.Rxe5 Rb1
51.gxh5+ Kxh5 52.Bc3 Rh1 53.Re8 Kg4 54.Rh8 Bb1 55.h3+ Kf5 56.Rh6 g4 57.hxg4+  1-0

[Event "USA-ch"]
[Site "Modesto"]
[Date "1995.??.??"]
[Round "2"]
[White "Gulko, Boris F"]
[Black "Wolff, Patrick G"]
[Result "1/2-1/2"]
[WhiteElo "2620"]
[BlackElo "2565"]

1.c4 e5 2.Nc3 Nf6 3.Nf3 Nc6 4.g3 Bc5 5.Bg2 d6 6.d3 O-O 7.O-O a6 8.e3 h6 9.b3 Ba7
10.Bb2 Rb8 11.h3 b5 12.Rc1 Bd7 13.Kh2 Re8 14.Ng1 Ne7 15.Nge2 Be6 16.cxb5 axb5
17.d4 exd4 18.Nxd4 Bd7 19.Qd2 b4 20.Na4 c5 21.Ne2 Ng6 22.Rfd1 Bb5 23.Qc2 Qe7
24.Nf4 Nxf4  1/2-1/2

[Event "USA-ch"]
[Site "Modesto"]
[Date "1995.??.??"]
[Round "4"]
[White "Kudrin, Sergey"]
[Black "Wolff, Patrick G"]
[Result "1/2-1/2"]
[WhiteElo "2525"]
[BlackElo "2565"]

1.e4 d5 2.exd5 Qxd5 3.Nc3 Qa5 4.d4 Nf6 5.Nf3 c6 6.Bc4 Bf5 7.Bd2 e6 8.Qe2 Bb4
9.a3 Nbd7 10.O-O Bxc3 11.Bxc3 Qc7 12.Bb3 O-O 13.Bd2 c5 14.Rac1 Bg4 15.dxc5 Nxc5
16.Qe5 Rfc8 17.Qxc7 Rxc7 18.Ne5 Nxb3 19.cxb3 Rac8 20.Rxc7 Rxc7 21.Rc1 Rxc1+
22.Bxc1 Bd1 23.Be3 a6 24.b4 Be2 25.f3 Nd5 26.Bd2 Bb5 27.Ng4 Kf8 28.Ne3 Nf4
29.h4 f6 30.g3 Nd3 31.Bc3 e5 32.Kg2 Bc6 33.h5 Kf7 34.g4 Nf4+ 35.Kg3 Ne6 36.Nf1 Ng5
37.Nd2 Ke6 38.f4 Nf7 39.fxe5 Nxe5 40.Kf4 Bd5 41.Nf1 Bc4 42.Ne3 Bd3 43.Ng2 g5+
44.hxg6 Bxg6 45.Ne3 Nd3+ 46.Kf3 Ne5+ 47.Kg3 Be4  1/2-1/2

[Event "USA-ch"]
[Site "Modesto"]
[Date "1995.??.??"]
[Round "6"]
[White "Khmelnitsky, Igor N"]
[Black "Wolff, Patrick G"]
[Result "0-1"]
[WhiteElo "2490"]
[BlackElo "2565"]

1.Nf3 d5 2.d4 e6 3.Bg5 Be7 4.Bxe7 Qxe7 5.c3 Nf6 6.e3 Nbd7 7.Nbd2 e5 8.dxe5 Nxe5
9.Nxe5 Qxe5 10.Nf3 Qe7 11.Qb3 O-O 12.c4 dxc4 13.Bxc4 Ne4 14.O-O Bg4 15.Qc2 Rad8
16.Rfd1 h6 17.Rxd8 Rxd8 18.Rd1 Bxf3 19.Rxd8+ Qxd8 20.gxf3 Qg5+ 21.Kf1 Nd6
22.Bd3 c5 23.b4 b6 24.bxc5 Qxc5 25.Qxc5 bxc5 26.Ke2 g5 27.Bc2 Kg7 28.Kd2 Kf6
29.Kc3 Ke5 30.Bb3 f6 31.h3 f5 32.Ba4 Nc8 33.Bc6 Nb6 34.a3 Ke6 35.Kd3 Ke7
36.Bb5 Kd6 37.Be8 Kd5 38.Bf7+ Ke5 39.Be8 Nc8 40.Bd7 Nb6 41.Bc6 Kd6 42.Bb7 a5
43.Kc3 h5 44.Ba6 h4 45.Bd3 Ke5 46.Be2 Kf6 47.Kd3 Ke6 48.e4 Ke5 49.exf5 Kxf5
50.Kc3 Ke5 51.Ba6 Kd6 52.Bb7 Kc7 53.Be4 Nc8 54.Bc2 Nd6 55.Ba4 Kb6 56.Bd1 Nb5+
57.Kb3 Kc6 58.f4 gxf4 59.Bh5 Nd6 60.Bf3+ Kb5 61.a4+ Kb6 62.Bd5 c4+ 63.Bxc4 Kc5
64.Be6 Kd4 65.Kc2 Ne4 66.Kd1 f3 67.Ke1 Nc5 68.Bc8 Ke4 69.Kd2 Nxa4 70.Kc2 Nc5
71.Kc3 Kf4  0-1